[Event "Tournament 14471 - Europe Echecs"]
[Site "Europe Echecs"]
[Date "2020.07.09"]
[Round "8"]
[Time "17:51:49"]
[PlyCount "96"]
[White "GuliyevTofig"]
[Black "MaziarzPierre"]
[WhiteElo "1699"]
[BlackElo "1424"]
[Mode "WEB"]
[Result "1-0"]

1. d4 Nf6 2. c4 g6 3. Nc3 d5 4. cxd5 Nxd5 5. e4 Nxc3 6. bxc3 Bg7 7. Bc4 c5 8.
Ne2 Nc6 9. Be3 O-O 10. O-O Bg4 11. f3 Bd7 12. Qd2 Qc7 13. Bd3 Rfd8 14. Rad1 Be8
15. Bb1 cxd4 16. cxd4 Nxd4 17. Bxd4 e5 18. Qc3 Bc6 19. Be3 Rd7 20. Rxd7 Qxd7 21.
Qd3 Qe8 22. Rd1 Bb5 23. Qc2 Rc8 24. Qb2 h5 25. Nc3 Ba6 26. Bxa7 f5 27. Nd5 Rd8
28. Qb3 Kh8 29. Bb6 Rd6 30. Bd3 fxe4 31. Bxe4 Bb5 32. Nc7 Rxd1+ 33. Qxd1 Qd7 34.
Qxd7 Bxd7 35. Bxb7 Kg8 36. Bc5 Kf7 37. Bd5+ Kf6 38. Bb3 Kf5 39. a4 e4 40. fxe4+
Kxe4 41. Bc2+ Kf4 42. a5 Be5 43. Nd5+ Kg5 44. Be3+ Kh4 45. Bxg6 Bc6 46. Ne7 Bb5
47. Nf5+ Kg4 48. h3# {MaziarzPierre est échec et mat} 1-0

[Event "Tournament 14471 - Europe Echecs"]
[Site "Europe Echecs"]
[Date "2020.07.09"]
[Round "8"]
[Time "17:51:49"]
[PlyCount "125"]
[White "DaudeAlexandre"]
[Black "VilleneuveRobi"]
[WhiteElo "1518"]
[BlackElo "1662"]
[Mode "WEB"]
[Result "0-1"]

1. e4 e5 2. Bc4 Nf6 3. d4 exd4 4. Nf3 Nxe4 5. Qxd4 Nf6 6. Bg5 Be7 7. O-O O-O 8.
Nc3 c6 9. Rad1 d5 10. Bd3 Be6 11. Qh4 Nbd7 12. Ne5 h6 13. Nxd7 Qxd7 14. Bxf6
Bxf6 15. Qg3 Rfe8 16. f4 d4 17. Ne4 Be7 18. Rf3 f5 19. Nd2 c5 20. Nc4 Bf6 21.
Ne5 Qc7 22. Re1 Rad8 23. Qg6 Qc8 24. g4 c4 25. gxf5 cxd3 26. fxe6 Qxe6 27. Nxd3
Qc6 28. Ne5 Bxe5 29. Qxc6 bxc6 30. fxe5 Re6 31. Rf4 c5 32. Ree4 Rde8 33. Rf5 Kh7
34. Kf2 Kg6 35. Rff4 Rxe5 36. Rg4+ Kh7 37. Kf3 Rf5+ 38. Rgf4 Ref8 39. Kg4 Kg6
40. Re6+ R5f6 41. Rfxf6+ Rxf6 42. Rxf6+ Kxf6 43. Kf4 g5+ 44. Kg4 Kg6 45. a4 h5+
46. Kf3 Kf5 47. b3 a5 48. h3 h4 49. Ke2 Ke4 50. Kf2 Kf4 51. Ke2 Kg3 52. Kd3 Kxh3
53. Kc4 Kg2 54. Kxc5 h3 55. Kxd4 h2 56. c4 h1=Q 57. c5 Qd1+ 58. Kc4 Qc2+ 59. Kd5
Qxb3+ 60. Kd6 Qxa4 61. c6 Qxc6+ 62. Kxc6 g4 {DaudeAlexandre a abandonné} 0-1

[Event "Tournament 14471 - Europe Echecs"]
[Site "Europe Echecs"]
[Date "2020.07.09"]
[Round "8"]
[Time "17:51:49"]
[PlyCount "60"]
[White "FondratJohan"]
[Black "DruonThibault"]
[WhiteElo "1509"]
[BlackElo "1644"]
[Mode "WEB"]
[Result "1-0"]

1. e4 c5 2. c3 Nf6 3. e5 Nd5 4. Nf3 Nc6 5. d4 cxd4 6. cxd4 d6 7. exd6 e6 8. Be2
Bxd6 9. O-O O-O 10. Nc3 Be7 11. Bc4 Nb6 12. Bb3 Bf6 13. Be3 a5 14. a3 Qd6 15.
Ne4 Qd8 16. Nxf6+ Qxf6 17. Bg5 Qf5 18. Bc2 Qb5 19. Be3 Rd8 20. b3 e5 21. Ng5 h6
22. Qh5 exd4 23. Qxf7+ Kh8 24. Qg6 Kg8 25. Qh7+ Kf8 26. Qh8+ Ke7 27. Qxg7+ Kd6
28. Bf4+ Ne5 29. Bxe5+ Qxe5 30. Nf7+ {DruonThibault a abandonné} 1-0

[Event "Tournament 14471 - Europe Echecs"]
[Site "Europe Echecs"]
[Date "2020.07.09"]
[Round "8"]
[Time "17:51:49"]
[PlyCount "63"]
[White "GhazaryanGurge"]
[Black "ChouvaevKominD"]
[WhiteElo "1403"]
[BlackElo "1637"]
[Mode "WEB"]
[Result "0-1"]

1. e4 c5 2. Nf3 Nc6 3. d4 cxd4 4. Nxd4 Nf6 5. Nc3 e5 6. Ndb5 d6 7. Bg5 a6 8. Na3
b5 9. Nd5 Be7 10. Nxe7 Nxe7 11. Bxf6 gxf6 12. Qd2 d5 13. Qh6 Qb6 14. Qxf6 Qxf6
15. exd5 Nxd5 16. O-O-O Bb7 17. Be2 Rc8 18. Bf3 Qe6 19. Rhe1 O-O 20. Rd3 b4 21.
Nb1 Nf4 22. Rde3 Bxf3 23. Rxe5 Qc6 24. c3 Nd3+ 25. Kc2 Nxe5 26. Rxe5 Be4+ 27.
Kd2 Bxb1 28. cxb4 Qd6+ 29. Ke3 Qxe5+ 30. Kf3 Rcd8 31. g3 Qe4# {GhazaryanGurge est échec et mat} 0-1

[Event "Tournament 14471 - Europe Echecs"]
[Site "Europe Echecs"]
[Date "2020.07.09"]
[Round "8"]
[Time "17:51:49"]
[PlyCount "49"]
[White "PeyquetMaelys"]
[Black "SuspeneJacques"]
[WhiteElo "1257"]
[BlackElo "1610"]
[Mode "WEB"]
[Result "0-1"]

1. e4 d6 2. d4 g6 3. Nf3 Bg7 4. Nc3 Nd7 5. b3 c5 6. Bb2 Ngf6 7. Bc4 O-O 8. O-O
cxd4 9. Nxd4 a6 10. a4 Nc5 11. Re1 b6 12. b4 Ncd7 13. Nd5 Bb7 14. e5 Nxe5 15.
Nxf6+ Bxf6 16. Bb3 Rc8 17. Ne6 fxe6 18. Bxe6+ Kg7 19. Bxc8 Qxc8 20. b5 a5 21.
Rb1 Qc7 22. Qe2 Rc8 23. Rec1 Qc4 24. Ra1 Qxe2 {PeyquetMaelys a abandonné} 0-1

[Event "Tournament 14471 - Europe Echecs"]
[Site "Europe Echecs"]
[Date "2020.07.09"]
[Round "8"]
[Time "17:51:49"]
[PlyCount "53"]
[White "LaouamriSamy"]
[Black "SivasankaranSa"]
[WhiteElo "1669"]
[BlackElo "1216"]
[Mode "WEB"]
[Result "0-1"]

1. e4 e5 2. Nf3 Nc6 3. Bc4 Bc5 4. d3 Nf6 5. c3 O-O 6. Nbd2 d6 7. O-O h6 8. h3 a6
9. a4 Be6 10. Re1 Qd7 11. Bxe6 fxe6 12. Nb3 Ba7 13. d4 exd4 14. cxd4 Ne7 15. e5
Nfd5 16. Qe2 dxe5 17. Nxe5 Qd6 18. Nc4 Qb4 19. Qxe6+ Kh8 20. Nba5 Rf6 21. Qe4
Bxd4 22. Bd2 Qc5 23. Be3 Bxe3 24. fxe3 Raf8 25. Nxb7 Qb4 26. Ncd6 cxd6 {LaouamriSamy a abandonné} 0-1

[Event "Tournament 14471 - Europe Echecs"]
[Site "Europe Echecs"]
[Date "2020.07.09"]
[Round "8"]
[Time "17:51:49"]
[PlyCount "110"]
[White "DelGiovaneFabi"]
[Black "RavenelTangi"]
[WhiteElo "1629"]
[BlackElo "1463"]
[Mode "WEB"]
[Result "1-0"]

1. e4 d6 2. d4 Nf6 3. Nc3 g6 4. Bg5 Bg7 5. Qd2 O-O 6. Bh6 c5 7. Bxg7 Kxg7 8. d5
e6 9. f3 exd5 10. Nxd5 Nc6 11. Bd3 Nxd5 12. exd5 Ne5 13. c3 Rb8 14. Ne2 Qh4+ 15.
Ng3 Bh3 16. O-O-O Bd7 17. Ne4 Qe7 18. h4 b5 19. h5 a5 20. hxg6 Nxd3+ 21. Kb1 h5
22. Rxh5 Rh8 23. Rdh1 fxg6 24. Rxh8 Rxh8 25. Rxh8 Kxh8 26. Qxd3 b4 27. c4 Bf5
28. Qe3 Kg7 29. Kc1 Qe5 30. Qg5 Bxe4 31. Qxe5+ dxe5 32. fxe4 Kf7 33. a4 Ke7 34.
b3 Kd6 35. Kd2 Ke7 36. Ke3 Kf6 37. Kf3 Ke7 38. Kg4 Kf6 39. g3 Kf7 40. Kg5 Ke7
41. Kxg6 Ke8 42. Kf6 Kf8 43. Kxe5 Ke7 44. g4 Kf7 45. g5 Kg7 46. d6 Kf8 47. d7
Ke7 48. g6 Kxd7 49. g7 Ke7 50. g8=Q Kd7 51. Qe6+ Kd8 52. Qf7 Kc8 53. Kd6 Kb8 54.
Kc6 Ka8 55. Qb7# {RavenelTangi est échec et mat} 1-0

[Event "Tournament 14471 - Europe Echecs"]
[Site "Europe Echecs"]
[Date "2020.07.09"]
[Round "8"]
[Time "17:51:49"]
[PlyCount "74"]
[White "MateriaMatteo"]
[Black "ThibousMathis"]
[WhiteElo "1595"]
[BlackElo "1313"]
[Mode "WEB"]
[Result "1-0"]

1. e4 c5 2. c3 a6 3. d4 cxd4 4. cxd4 b5 5. Nf3 Bb7 6. Bd3 e6 7. a3 Ne7 8. Nc3
Ng6 9. Be3 Be7 10. O-O O-O 11. Rc1 Nc6 12. Bb1 Rc8 13. d5 Nce5 14. Nxe5 Nxe5 15.
f4 Nc4 16. Bf2 d6 17. dxe6 fxe6 18. Qg4 e5 19. f5 Bg5 20. Rc2 Nxb2 21. Rxb2 Rxc3
22. Ba2+ Kh8 23. a4 Bc6 24. axb5 Bxb5 25. Rd1 Qc7 26. Qxg5 Rc2 27. Rxc2 Qxc2 28.
Ra1 Qxe4 29. Be6 Qc6 30. Rc1 Qb7 31. Rd1 Qc6 32. Qe7 Rb8 33. Qxd6 Qxd6 34. Rxd6
Be2 35. Bh4 Bg4 36. Rxa6 Rc8 37. Bxc8 {ThibousMathis a abandonné} 1-0

[Event "Tournament 14471 - Europe Echecs"]
[Site "Europe Echecs"]
[Date "2020.07.09"]
[Round "8"]
[Time "17:51:49"]
[PlyCount "113"]
[White "CastagnerolAmb"]
[Black "KorchalovskiiM"]
[WhiteElo "1451"]
[BlackElo "1593"]
[Mode "WEB"]
[Result "0-1"]

1. e4 c6 2. d4 d5 3. Nc3 dxe4 4. Nxe4 Bf5 5. Ng3 Bg6 6. Nf3 Nd7 7. Bc4 Ngf6 8.
O-O e6 9. Ne5 Nxe5 10. dxe5 Qxd1 11. Rxd1 Nd5 12. Bxd5 cxd5 13. c3 Be7 14. Be3
O-O 15. f4 Rfd8 16. Rd2 b6 17. Rc1 Rac8 18. b3 Rc7 19. Ne2 Rdc8 20. Rdd1 Bc5 21.
Bxc5 Rxc5 22. h3 b5 23. Kf2 f6 24. exf6 gxf6 25. a3 Bf7 26. g3 e5 27. Kf3 e4+
28. Kf2 f5 29. g4 Be6 30. Kg3 a5 31. Nd4 Kf7 32. Ne2 Kf6 33. Rg1 Rg8 34. Nd4
fxg4 35. Nxe6 gxh3+ 36. Ng5 h6 37. Kxh3 hxg5 38. fxg5+ Rxg5 39. Rcf1+ Rf5 40.
Rxf5+ Kxf5 41. b4 Rxc3+ 42. Kh4 axb4 43. axb4 e3 44. Rg5+ Ke4 45. Rg2 Kd3 46.
Kg3 Rc2 47. Rg1 e2 48. Re1 Kd2 49. Kf2 Kd3 50. Rh1 d4 51. Rh3+ Kd2 52. Rh1 d3
53. Re1 Rc1 54. Rxc1 Kxc1 55. Ke1 Kc2 56. Kf2 Kd2 {CastagnerolAmb a perdu au temps} 0-1

[Event "Tournament 14471 - Europe Echecs"]
[Site "Europe Echecs"]
[Date "2020.07.09"]
[Round "8"]
[Time "17:51:49"]
[PlyCount "67"]
[White "PorsoughyanEri"]
[Black "MoellerJoshua"]
[WhiteElo "1474"]
[BlackElo "1486"]
[Mode "WEB"]
[Result "1-0"]

1. e4 e6 2. d4 d5 3. exd5 exd5 4. Bd3 Nf6 5. Nf3 Be7 6. O-O O-O 7. Bf4 Bg4 8.
Nbd2 c6 9. c3 Bd6 10. Bg3 Bxg3 11. fxg3 Nfd7 12. Qc2 h6 13. Rae1 f6 14. h3 Bh5
15. Bg6 Bxg6 16. Qxg6 Rf7 17. Nh4 Nf8 18. Qd3 Nbd7 19. Ndf3 Qc7 20. Ng6 Qxg3 21.
Nxf8 Nxf8 22. Re3 Qd6 23. Nh4 Re7 24. Rg3 Rae8 25. Nf5 Qc7 26. Nxe7+ Rxe7 27.
Rxf6 Ne6 28. Rxh6 Nf4 29. Qh7+ Kf7 30. Rxg7+ Ke8 31. Rxe7+ Qxe7 32. Qh8+ Kd7 33.
Rh7 Ne2+ {MoellerJoshua a abandonné} 1-0

[Event "Tournament 14471 - Europe Echecs"]
[Site "Europe Echecs"]
[Date "2020.07.09"]
[Round "8"]
[Time "17:51:49"]
[PlyCount "41"]
[White "ChevillonCelia"]
[Black "BrehautCarl"]
[WhiteElo "1433"]
[BlackElo "1960"]
[Mode "WEB"]
[Result "0-1"]

1. e4 e5 2. Nf3 Nc6 3. Bc4 Bc5 4. c3 Nf6 5. d3 O-O 6. Bg5 h6 7. Be3 Bxe3 8. fxe3
d6 9. Nbd2 Na5 10. Bb3 Nxb3 11. Qxb3 Ng4 12. Nc4 Be6 13. Ke2 b5 14. Qxb5 Rb8 15.
Qa6 Bxc4 16. Qxc4 Rxb2+ 17. Nd2 Qg5 18. Kf1 Nxe3+ 19. Kg1 Nxc4 20. Nxc4 Qxg2# {ChevillonCelia est échec et mat} 0-1

[Event "Tournament 14471 - Europe Echecs"]
[Site "Europe Echecs"]
[Date "2020.07.09"]
[Round "8"]
[Time "17:51:49"]
[PlyCount "69"]
[White "LeclercqRobin"]
[Black "LecciaThomas"]
[WhiteElo "1392"]
[BlackElo "1893"]
[Mode "WEB"]
[Result "0-1"]

1. d4 d5 2. c4 c6 3. Nc3 Nf6 4. Bg5 e6 5. Nf3 Nbd7 6. e3 Qa5 7. Qd2 Bb4 8. a3
Ne4 9. axb4 Qxa1+ 10. Qd1 Qxb2 11. Nxe4 dxe4 12. Nd2 Qxb4 13. Be2 h6 14. Bf4 Nf6
15. O-O O-O 16. Be5 Qe7 17. Bxf6 Qxf6 18. Nxe4 Qg6 19. Nd6 Rd8 20. Bh5 Qf6 21.
Nxf7 Rf8 22. Nd6 e5 23. Ne4 Qf5 24. Ng3 Qg5 25. Ne4 Qh4 26. Nd6 exd4 27. exd4
Qf4 28. c5 Be6 29. Nxb7 Bd5 30. Nd6 Qg5 31. g3 a5 32. h4 Qf6 33. Qg4 a4 34. Ra1
Qxf2# {LeclercqRobin est échec et mat} 0-1

[Event "Tournament 14471 - Europe Echecs"]
[Site "Europe Echecs"]
[Date "2020.07.09"]
[Round "8"]
[Time "17:51:49"]
[PlyCount "75"]
[White "PerardJouaultE"]
[Black "DavtianArmen"]
[WhiteElo "1791"]
[BlackElo "1413"]
[Mode "WEB"]
[Result "0-1"]

1. d4 d5 2. c4 e6 3. Nc3 Nf6 4. cxd5 exd5 5. Bg5 c6 6. e3 Be7 7. Bd3 Be6 8. Qc2
h6 9. Bh4 Nbd7 10. h3 O-O 11. Nf3 Qc7 12. Bg3 Bd6 13. Nb5 cxb5 14. Qxc7 Bxc7 15.
Bxc7 a6 16. O-O Rac8 17. Rac1 Rfe8 18. Nd2 Rf8 19. Nb3 b6 20. Nd2 Ne8 21. Bh2
Nef6 22. Rfd1 Rfe8 23. f3 Kh8 24. Kf2 Kg8 25. b3 Kh8 26. g4 Kg8 27. f4 Nf8 28.
f5 Bd7 29. Nf3 N8h7 30. Ne5 Ng5 31. Nxd7 Nxd7 32. Rxc8 Rxc8 33. Kg3 Nf6 34. h4
Nge4+ 35. Bxe4 Nxe4+ 36. Kf3 Rc2 37. Bf4 Rf2# {PerardJouaultE est échec et mat} 0-1

[Event "Tournament 14471 - Europe Echecs"]
[Site "Europe Echecs"]
[Date "2020.07.09"]
[Round "8"]
[Time "17:51:49"]
[PlyCount "22"]
[White "TulliezAndre"]
[Black "DecultotJacque"]
[WhiteElo "1777"]
[BlackElo "1404"]
[Mode "WEB"]
[Result "1-0"]

1. e4 c5 2. Nf3 d6 3. d4 cxd4 4. Nxd4 Nf6 5. Nc3 a6 6. Bg5 Nbd7 7. f4 b5 8. Qf3
e6 9. e5 dxe5 10. fxe5 Nd5 11. Bxd8 {DecultotJacque a abandonné} 1-0

[Event "Tournament 14471 - Europe Echecs"]
[Site "Europe Echecs"]
[Date "2020.07.09"]
[Round "8"]
[Time "17:51:49"]
[PlyCount "79"]
[White "GardeGuillaume"]
[Black "ThibousLeo"]
[WhiteElo "1716"]
[BlackElo "1380"]
[Mode "WEB"]
[Result "0-1"]

1. e4 Nf6 2. e5 Nd5 3. d4 d6 4. c4 Nb6 5. exd6 cxd6 6. d5 g6 7. Qd4 f6 8. Nf3
Bg7 9. Nc3 O-O 10. Be3 N8d7 11. O-O-O f5 12. Qd2 Qc7 13. b3 a5 14. Nb5 Qd8 15.
Nbd4 Ne5 16. Bh6 Nxf3 17. gxf3 Qc7 18. Bxg7 Kxg7 19. h4 a4 20. h5 f4 21. Qb2 Rf6
22. hxg6 hxg6 23. Bd3 axb3 24. axb3 Nxd5 25. Rdg1 e5 26. Nb5 Qc5 27. Qb1 Ne7 28.
Nc3 Qxf2 29. Ne4 Qe3+ 30. Kc2 Bf5 31. Re1 Qd4 32. Rd1 Bxe4 33. Bxe4 Qf2+ 34. Rd2
Qe3 35. Rdh2 Rg8 36. Qa2 Rff8 37. Qa7 Qxa7 38. Rh7+ Kf6 39. Rg1 Qxg1 {GardeGuillaume a abandonné} 0-1

[Event "Tournament 14471 - Europe Echecs"]
[Site "Europe Echecs"]
[Date "2020.07.09"]
[Round "8"]
[Time "17:51:49"]
[PlyCount "64"]
[White "MareauTimothe"]
[Black "GutcakiDaniil"]
[WhiteElo "1642"]
[BlackElo "1373"]
[Mode "WEB"]
[Result "1-0"]

1. e4 d5 2. exd5 Qxd5 3. Nc3 Qa5 4. d4 c6 5. Bd3 Nf6 6. Bd2 Qc7 7. Nf3 Bg4 8.
Qe2 Nbd7 9. Ne4 e5 10. Nxf6+ gxf6 11. dxe5 fxe5 12. O-O-O O-O-O 13. h3 Bh5 14.
g4 Bg6 15. Bxg6 hxg6 16. Bc3 f6 17. g5 Bd6 18. gxf6 Nxf6 19. Ng5 Qe7 20. Ne4
Nxe4 21. Qxe4 Qg5+ 22. Kb1 Rhf8 23. Rd2 Rf4 24. Qe3 Qg2 25. Rhd1 Qg5 26. Qxa7
Bb8 27. Rxd8+ Qxd8 28. Rxd8+ Kxd8 29. Qxb8+ Kd7 30. Qxe5 Rf5 31. Qg7+ Ke6 32.
Qxg6+ {GutcakiDaniil a abandonné} 1-0

[Event "Tournament 14471 - Europe Echecs"]
[Site "Europe Echecs"]
[Date "2020.07.09"]
[Round "8"]
[Time "17:51:49"]
[PlyCount "52"]
[White "BousmahaLeila"]
[Black "LevyTheo"]
[WhiteElo "1638"]
[BlackElo "1375"]
[Mode "WEB"]
[Result "1-0"]

1. e4 e6 2. d4 d5 3. exd5 exd5 4. Bd3 Nf6 5. h3 g6 6. Qf3 Bg7 7. Ne2 O-O 8. O-O
Nbd7 9. Bf4 c5 10. c3 c4 11. Bc2 Re8 12. Nd2 b5 13. Rfe1 Nf8 14. Nf1 Ne6 15. Be5
Ng5 16. Qf4 Nge4 17. Bxe4 Nxe4 18. Bxg7 Kxg7 19. Neg3 Nxg3 20. Nxg3 Be6 21. Re3
Re7 22. Rae1 Qc7 23. Qg5 Rae8 24. Nh5+ Kh8 25. Qf6+ Kg8 26. Qg7# {LevyTheo est échec et mat} 1-0

[Event "Tournament 14471 - Europe Echecs"]
[Site "Europe Echecs"]
[Date "2020.07.09"]
[Round "8"]
[Time "17:51:49"]
[PlyCount "38"]
[White "GrimaultLeane"]
[Black "CarrollAlden"]
[WhiteElo "1622"]
[BlackElo "1370"]
[Mode "WEB"]
[Result "1-0"]

1. c4 e5 2. Nc3 f5 3. d3 Nf6 4. Nf3 Nc6 5. g3 Bc5 6. Bg2 O-O 7. O-O d6 8. a3 a5
9. Rb1 Be6 10. Bd2 Qe8 11. Nb5 a4 12. Nxc7 Qd7 13. Nxa8 Rxa8 14. b4 axb3 15.
Qxb3 b6 16. Bb4 Na5 17. Qc3 Qa4 18. Bxc5 bxc5 19. Nxe5 {CarrollAlden a abandonné} 1-0

[Event "Tournament 14471 - Europe Echecs"]
[Site "Europe Echecs"]
[Date "2020.07.09"]
[Round "8"]
[Time "17:51:49"]
[PlyCount "206"]
[White "FalipMoralesTo"]
[Black "DeshaiesClemen"]
[WhiteElo "1344"]
[BlackElo "1600"]
[Mode "WEB"]
[Result "1/2-1/2"]

1. e4 c5 2. Nf3 d6 3. d4 cxd4 4. Qxd4 Nc6 5. Bb5 Bd7 6. Bxc6 Bxc6 7. Nc3 Nf6 8.
Bg5 Qa5 9. O-O-O O-O-O 10. e5 Ne8 11. Qf4 h6 12. Qg4+ Bd7 13. Qc4+ Kb8 14. Bf4
Be6 15. Qa4 Qxa4 16. Nxa4 Nc7 17. exd6 exd6 18. Rd2 Nd5 19. Bg3 Nf6 20. Nc5 Nh5
21. Nxe6 fxe6 22. Rhd1 Nxg3 23. hxg3 Kc7 24. Ne5 Rg8 25. Nf7 Rd7 26. Ne5 Rd8 27.
Nc4 Be7 28. Re2 e5 29. f4 Bf6 30. fxe5 Bg5+ 31. Kb1 dxe5 32. Rxd8 Rxd8 33. a3 b5
34. Nxe5 Re8 35. Re1 Bf6 36. Nf3 Rxe1+ 37. Nxe1 Be5 38. g4 Kd6 39. Nf3 Bf6 40.
Kc1 Kd5 41. b3 Ke4 42. Kd2 Kf4 43. Ke2 Kg3 44. Kf1 Be7 45. a4 b4 46. Ne5 Bd6 47.
Nc6 a6 48. Nd4 Kxg4 49. Ne2 h5 50. c3 bxc3 51. Nxc3 h4 52. Ne4 Bb4 53. Nf2+ Kg3
54. Ne4+ Kg4 55. Nf2+ Kh5 56. Nd3 Bd6 57. b4 g5 58. b5 axb5 59. axb5 g4 60. Nf2
Bb8 61. b6 Kg5 62. Ne4+ Kf4 63. Nc5 h3 64. gxh3 gxh3 65. Nd7 Bd6 66. b7 Kg3 67.
Kg1 h2+ 68. Kh1 Bc7 69. Nf6 Bb8 70. Ne4+ Kh3 71. Nc5 Kg3 72. Ne4+ Kh3 73. Nc5
Kg3 74. Nd7 Bc7 75. Nc5 Kh3 76. Na6 Bg3 77. Nb4 Kg4 78. Nd5 Kh3 79. Ne7 Bd6 80.
Nc8 Bb8 81. Nb6 Ba7 82. Nd7 Kg3 83. Nf6 Kh3 84. Nd5 Bb8 85. Nb4 Kg3 86. Nc6 Bc7
87. b8=Q Bxb8 88. Nxb8 Kf4 89. Nc6 Ke4 90. Nd8 Kd5 91. Nf7 Ke6 92. Nh6 Kd7 93.
Ng4 Kc6 94. Nf2 Kb5 95. Nd3 Kb6 96. Nf4 Kc7 97. Ne6+ Kb6 98. Ng5 Kc5 99. Ne4+
Kc4 100. Nf6 Kc5 101. Ng4 Kb5 102. Nh6 Kb6 103. Kxh2 {Aucun joueur n'a le mat&eacute;riel pour mater} 1/2-1/2

[Event "Tournament 14471 - Europe Echecs"]
[Site "Europe Echecs"]
[Date "2020.07.09"]
[Round "8"]
[Time "17:51:49"]
[PlyCount "79"]
[White "BeaurainYanis"]
[Black "CiarlettaUlyss"]
[WhiteElo "1342"]
[BlackElo "1599"]
[Mode "WEB"]
[Result "0-1"]

1. e4 c5 2. Nc3 Nc6 3. f4 g6 4. Nf3 Bg7 5. Bc4 e6 6. d3 Nge7 7. e5 a6 8. a4 Nf5
9. Ne4 b6 10. g4 Nfd4 11. Nd6+ Kf8 12. Ng5 Nb4 13. c3 Nbc2+ 14. Kf1 Nxa1 15.
Ngxf7 Qh4 16. Nxh8 Qh3+ 17. Kf2 b5 18. Ba2 Bxh8 19. cxd4 cxd4 20. Nxc8 Rxc8 21.
axb5 axb5 22. Bd2 Rc2 23. Ke1 Qg2 24. Rf1 Rxb2 25. Rf2 Qg1+ 26. Rf1 Qxh2 27. Rf2
Qg1+ 28. Rf1 Qg3+ 29. Rf2 Rxa2 30. Bb4+ Kf7 31. Bd2 Nc2+ 32. Kf1 Ra1 33. Bc1
Ne3+ 34. Bxe3 Rxd1+ 35. Ke2 Qxe3+ 36. Kxd1 Qxf2 37. Kc1 b4 38. Kb1 b3 39. Kc1
Qc2# {BeaurainYanis est échec et mat} 0-1

[Event "Tournament 14471 - Europe Echecs"]
[Site "Europe Echecs"]
[Date "2020.07.09"]
[Round "8"]
[Time "17:51:49"]
[PlyCount "92"]
[White "LalondeHugo"]
[Black "HammGabrielle"]
[WhiteElo "1590"]
[BlackElo "1359"]
[Mode "WEB"]
[Result "1-0"]

1. d4 d5 2. Bf4 Nf6 3. e3 c5 4. c3 Nc6 5. Nd2 e6 6. Ngf3 Bd7 7. Bd3 Be7 8. Ne5
Nxe5 9. dxe5 Ng8 10. Qg4 Bf8 11. O-O Ne7 12. Bg5 g6 13. Bf6 Rg8 14. c4 Bg7 15.
cxd5 exd5 16. Qf3 Be6 17. Bb5+ Bd7 18. Bd3 Bc6 19. e4 d4 20. Nc4 Bxf6 21. exf6
Nc8 22. Ne5 Qc7 23. Nxc6 Qxc6 24. Qe2 Qxf6 25. e5 Qe6 26. Bc4 Qf5 27. e6 f6 28.
e7 Nd6 29. Bxg8 Kd7 30. Bb3 b5 31. g4 Qg5 32. Qe6+ Kc7 33. Rac1 c4 34. a4 Nf7
35. e8=Q Rxe8 36. Qxf7+ Kd8 37. h3 Qh4 38. Qd5+ Kc7 39. Kg2 Qh6 40. axb5 Qf8 41.
Rxc4+ Kb8 42. Qc5 Re5 43. Qxf8+ Kb7 44. Qf7+ Kb6 45. Rc6+ Kxb5 46. Qc7 {HammGabrielle a abandonné} 1-0

[Event "Tournament 14471 - Europe Echecs"]
[Site "Europe Echecs"]
[Date "2020.07.09"]
[Round "8"]
[Time "17:51:49"]
[PlyCount "77"]
[White "DelmasRaphael"]
[Black "PaiLiuPaul"]
[WhiteElo "1325"]
[BlackElo "1560"]
[Mode "WEB"]
[Result "0-1"]

1. e4 e5 2. Nf3 Nc6 3. d4 exd4 4. Nxd4 Nf6 5. Nxc6 bxc6 6. Bd3 d5 7. exd5 cxd5
8. O-O Be7 9. Bf4 O-O 10. h3 Bd6 11. Bxd6 Qxd6 12. Qd2 c5 13. Rd1 Bb7 14. Nc3 d4
15. Ne2 c4 16. Bf5 Qd5 17. Qg5 h6 18. Qg3 Qxf5 19. Nxd4 Qc5 20. c3 Ne4 21. Qe3
Rfe8 22. Re1 Qg5 23. f4 Qg3 24. Qxg3 Nxg3 25. Kf2 Ne4+ 26. Kg1 Nc5 27. Nf5 Nd3
28. Rf1 Re2 29. Nd6 Rxg2+ 30. Kh1 Bc6 31. Nxc4 Rxb2+ 32. Kg1 Rg2+ 33. Kh1 Rxa2+
34. Kg1 Rg2+ 35. Kh1 Nf2+ 36. Rxf2 Rxf2+ 37. Kg1 Rxf4 38. Nb6 axb6 {DelmasRaphael a abandonné} 0-1

[Event "Tournament 14471 - Europe Echecs"]
[Site "Europe Echecs"]
[Date "2020.07.09"]
[Round "8"]
[Time "17:51:49"]
[PlyCount "72"]
[White "PousAntoine"]
[Black "GabinoKarl"]
[WhiteElo "1554"]
[BlackElo "1331"]
[Mode "WEB"]
[Result "1-0"]

1. d4 Nf6 2. c4 g6 3. Nc3 Bg7 4. Nf3 d6 5. Bg5 O-O 6. e3 Bf5 7. Bd3 Bxd3 8. Qxd3
Nbd7 9. O-O c5 10. d5 a6 11. a4 Qc7 12. e4 Rfe8 13. Nd2 Ng4 14. h3 Nge5 15. Qe3
Nb6 16. b3 f6 17. Bh4 Nbd7 18. f4 Nf7 19. Rab1 a5 20. Nb5 Qc8 21. Nf3 Nb8 22.
Bg3 Qd7 23. e5 fxe5 24. fxe5 Nh6 25. e6 Qd8 26. Bh4 Nf5 27. Qg5 Nxh4 28. Qxh4 h6
29. Qg4 Kh7 30. Nh4 g5 31. Nf5 Rf8 32. h4 Bf6 33. Qh5 gxh4 34. Qxh6+ Kg8 35.
Qg6+ Kh8 36. Nh6 {GabinoKarl a abandonné} 1-0

[Event "Tournament 14471 - Europe Echecs"]
[Site "Europe Echecs"]
[Date "2020.07.09"]
[Round "8"]
[Time "17:51:49"]
[PlyCount "22"]
[White "DincovIoan"]
[Black "ChalonMaceo"]
[WhiteElo "1549"]
[BlackElo "1280"]
[Mode "WEB"]
[Result "1-0"]

1. e4 c5 2. Nf3 Nc6 3. d4 cxd4 4. Qd2 e5 5. c3 dxc3 6. Nxc3 Bb4 7. Bc4 Nf6 8.
O-O Nxe4 9. Qd5 Nd6 10. Nxe5 Nxc4 11. Qxf7# {ChalonMaceo est échec et mat} 1-0

[Event "Tournament 14471 - Europe Echecs"]
[Site "Europe Echecs"]
[Date "2020.07.09"]
[Round "8"]
[Time "17:51:49"]
[PlyCount "95"]
[White "DarrortNahia"]
[Black "GrondinMarine"]
[WhiteElo "1263"]
[BlackElo "1533"]
[Mode "WEB"]
[Result "0-1"]

1. e4 e6 2. d4 d5 3. exd5 exd5 4. Nc3 Nf6 5. Bg5 c6 6. Nf3 Bd6 7. Bd3 Bg4 8. h3
Bh5 9. Qe2+ Qe7 10. Qxe7+ Bxe7 11. O-O-O Bxf3 12. gxf3 O-O 13. Rhg1 Nbd7 14.
Rde1 Bd6 15. Rg2 Rfe8 16. Reg1 g6 17. Bf5 Kh8 18. Bxd7 Nxd7 19. h4 f6 20. Bh6
Re7 21. Rh1 Rae8 22. Kd1 Bb4 23. Rgg1 Bxc3 24. bxc3 Nb6 25. Re1 Rxe1+ 26. Rxe1
Rxe1+ 27. Kxe1 Kg8 28. Kd2 Kf7 29. Kd3 Ke6 30. Bf8 Nc4 31. Bb4 Kf5 32. Bf8 g5
33. h5 g4 34. fxg4+ Kxg4 35. h6 Kf3 36. Bg7 f5 37. Be5 Kxf2 38. a4 Kf3 39. a5
Nxa5 40. Bb8 a6 41. Bc7 Nc4 42. Be5 a5 43. Bc7 a4 44. Be5 a3 45. Bc7 a2 46. Be5
a1=Q 47. Bc7 Qd1# {DarrortNahia est échec et mat} 0-1

[Event "Tournament 14471 - Europe Echecs"]
[Site "Europe Echecs"]
[Date "2020.07.09"]
[Round "8"]
[Time "17:51:49"]
[PlyCount "148"]
[White "GuichonPaul"]
[Black "BuetClovis"]
[WhiteElo "1486"]
[BlackElo "1251"]
[Mode "WEB"]
[Result "1-0"]

1. e4 e5 2. Nc3 Nc6 3. Bc4 Be7 4. d3 Nf6 5. f4 d6 6. Nf3 O-O 7. f5 Na5 8. Be3
Nxc4 9. dxc4 b6 10. Qd3 Bb7 11. O-O-O Nd7 12. Bf2 Nc5 13. Qe2 a5 14. g4 Bg5+ 15.
Kb1 Qd7 16. Nxg5 Na4 17. Nxa4 Qxa4 18. h4 f6 19. Ne6 Rf7 20. g5 Bc8 21. gxf6
gxf6 22. Rhg1+ Kh8 23. Qg4 Bxe6 24. fxe6 Re7 25. b3 Qe8 26. Be3 a4 27. Bh6 Qg8
28. Qxg8+ Rxg8 29. Rxg8+ Kxg8 30. Rg1+ Kh8 31. Kc1 axb3 32. axb3 Rxe6 33. Be3
Re8 34. Kd2 Rg8 35. Rxg8+ Kxg8 36. Ke2 Kf7 37. Kf3 Kg6 38. b4 Kh5 39. Kg3 Kg6
40. c3 h5 41. c5 bxc5 42. bxc5 dxc5 43. Bxc5 Kf7 44. Kf3 Ke6 45. Ke3 Kd7 46. Ba3
Ke6 47. Kd3 f5 48. exf5+ Kxf5 49. Be7 Ke6 50. Bg5 Kd5 51. Bd8 c5 52. Bf6 c4+ 53.
Ke3 Ke6 54. Bd8 Kf5 55. Bg5 Ke6 56. Ke4 Kd6 57. Bf6 Ke6 58. Bxe5 Ke7 59. Kf5 Kf7
60. Kg5 Kg8 61. Bd4 Kh7 62. Kxh5 Kg8 63. Kg6 Kf8 64. h5 Kg8 65. h6 Kf8 66. h7
Ke7 67. h8=Q Ke6 68. Qe8+ Kd6 69. Qe5+ Kd7 70. Kf7 Kd8 71. Qe7+ Kc8 72. Bg1 Kb8
73. Qd7 Ka8 74. Qa7# {BuetClovis est échec et mat} 1-0